Tony Winners by Opening Line Quiz Stats

Quiz Updated Oct 13, 2016

Challenge
Share
Tweet
Embed
Score 0/64 Timer 12:00
1 Play Today
% Correct
Evita
78.3%
Book of Mormon
74.8%
Sweeney Todd
73.8%
How to Succeed in Business Without Really Trying
71%
Les Miserables
70.9%
A Chorus Line
69.1%
Cabaret
67%
Fiddler on the Roof
65.7%
The Producers
65.4%
1776
65%
The Lion King
63.6%
In the Heights
60.4%
Hairspray
59.7%
Sunset Boulevard
58.9%
Bye Bye Birdie
56.5%
The Phantom of the Opera
55.1%
Annie
55.1%
The Music Man
52.7%
My Fair Lady
52.5%
Monty Python's Spamalot
50.5%
Spring Awakening
50.1%
Rent
49.2%
Guys and Dolls
45.1%
The Sound of Music
43.6%
The King and I
43.1%
City of Angels
41.4%
Big River
39.2%
Cats
37.6%
The Pajama Game
37%
Company
36.3%
Hello, Dolly!
35.3%
Kiss Me Kate
33.6%
% Correct
Avenue Q
32.9%
La Cage aux Folles
32%
Thoroughly Modern Millie
30.4%
South Pacific
30.4%
Nine
27.8%
42nd Street
27%
Fiorello!
26.4%
Memphis
23.3%
Ain't Misbehavin'
23.3%
Damn Yankees
23%
A Little Night Music
18.8%
Applause
18.3%
Contact
17.9%
Man of La Mancha
17.6%
Wonderful Town
16.9%
Titanic
15.2%
Passion
14.5%
Once
13.2%
Kiss of the Spider Woman
12.6%
Crazy for You
12.2%
Billy Elliot the Musical
12%
Fosse
11.1%
Jerome Robbin's Broadway
10.2%
Jersey Boys
10.2%
The Wiz
9.7%
Kismet
9.6%
The Mystery of Edwin Drood
9.1%
Raisin
8.7%
The Will Rogers Follies
7.4%
Hallelujah, Baby!
6.8%
Redhead
6.1%
Two Gentlemen of Verona
5.9%

You're not logged in!

Compare scores with friends on all Sporcle quizzes.
Sign Up with Email
OR
Log In

You Might Also Like...

Show Comments

Extras

Top Quizzes Today


Score Distribution

Your Account Isn't Verified!

In order to create a playlist on Sporcle, you need to verify the email address you used during registration. Go to your Sporcle Settings to finish the process.